00509 2200205 4500001002100000005001700021008004100038020001800079035002400097090001500121100001700136245003400153260002800187300001900215650002000234850001500254980001300269985000600282999001500288YOGYA-0209000004845920090227031953.0 ind  a979-553-284-7 0010-020900000048459 a813bMoh B aMOHTAR, Toha aBukan karena kaucToha Mohtar aJakartabGrasindoc1993 a116 hlmc21 cm aFiksi Indonesia aYOPDYOG(M) a17-11-07 a1 a99P0002859